Výstava rusínskych autorov

Bibliographic Details
Format: Article
Language:Slovak
Subjects:

MARC

LEADER 00000nab a2200000 a 4500
001 vtls001023355
003 SK-MaSNL
005 20260305024010.0
008 040720e19970110xo 0 slo
035 |a SL1935 
040 |a SLLK  |b slo  |c SLLK  |e AACR2 
041 0 |a slo 
044 |a xo  |c SK 
080 |a 06.06  |2 1981 
080 |a 75  |2 1981 
245 0 0 |a Výstava rusínskych autorov 
610 2 7 |a Galéria Provinčný dom (Stará Ľubovňa, Slovensko)  |2 SLLK  |9 1022582 
650 0 7 |a výtvarníci  |2 SLLK  |9 118705 
650 0 7 |a výtvarné umenie  |x výstavy  |z Stará Ľubovňa (Slovensko)  |2 snkbucl  |9 1027600 
651 7 |a Stará Ľubovňa (Slovensko)  |2 snkbucl  |9 19193 
773 0 8 |t Práca  |g Roč. 52, č. 7, 10.1.1997, s. 4 
852 |a ZVYKNI  |b KIS3GCP 
999 |c 3300331  |d 3302261